000 00422nam a2200193Ia 4500
008 101110s9999 xx 000 0 und d
041 _aMARATHI
082 _bSR6556
_a651
100 _aCharade S.G.
245 _aVyapar Padhati
365 _b4
520 _aCommerce
546 _aMARATHI
630 _aVyapar Padhati
650 _aCommerce
655 _aCommerce
730 _aVyapar Padhati
942 _cBOOK
999 _c802419
_d802416